DAVIS'S COMPREHENSIVE HB. OF LABORATORY AND DIAGNOSTIC TEST WITH NURSING IMPLICATION (Record no. 2245)

MARC details
000 -LEADER
fixed length control field 00406nam a2200145Ia 4500
008 - FIXED-LENGTH DATA ELEMENTS--GENERAL INFORMATION
fixed length control field 150201s2009 xx 000 0 und d
082 ## - DEWEY DECIMAL CLASSIFICATION NUMBER
Classification number 616.075
Item number D09L
100 ## - MAIN ENTRY--PERSONAL NAME
Personal name LEEUWEN, ANNE M.
245 ## - TITLE STATEMENT
Title DAVIS'S COMPREHENSIVE HB. OF LABORATORY AND DIAGNOSTIC TEST WITH NURSING IMPLICATION
250 ## - EDITION STATEMENT
Edition statement 3RD
260 ## - PUBLICATION, DISTRIBUTION, ETC. (IMPRINT)
Name of publisher, distributor, etc. F.A. DAVIS
Place of publication, distribution, etc. PHILADELPHIA
Date of publication, distribution, etc. 2009
300 ## - PHYSICAL DESCRIPTION
Extent 1407
650 ## - SUBJECT ADDED ENTRY--TOPICAL TERM
Topical term or geographic name as entry element NURSING
942 ## - ADDED ENTRY ELEMENTS (KOHA)
Source of classification or shelving scheme Dewey Decimal Classification
Koha item type Books
Holdings
Withdrawn status Lost status Source of classification or shelving scheme Damaged status Not for loan Collection code Home library Current library Shelving location Date acquired Source of acquisition Cost, normal purchase price SGTU Bill Number Total Checkouts Full call number Barcode Date last seen Bill Date Koha item type
    Dewey Decimal Classification   Not For Loan NURSING SGT Medical Library SGT Medical Library Reference Book 06/07/2014 ABC DELHI 0.00 SGTU 4669   616.075 D09L FN1687 09/02/2015 06/07/2014 Books
    Dewey Decimal Classification   Not For Loan NURSING SGT Medical Library SGT Medical Library Reference Book 06/07/2014 ABC DELHI 0.00 SGTU 4669   616.075 D09L FN1688 09/02/2015 06/07/2014 Books
    Dewey Decimal Classification   Not For Loan NURSING SGT Medical Library SGT Medical Library Reference Book 06/07/2014 ABC DELHI 0.00 SGTU 4669   616.075 D09L FN1689 09/02/2015 06/07/2014 Books
    Dewey Decimal Classification   Not For Loan NURSING SGT Medical Library SGT Medical Library Reference Book 06/07/2014 ABC DELHI 0.00 SGTU 4669   616.075 D09L FN1690 29/03/2022 06/07/2014 Books